[Event "44th Annual World Open"]
[Site "Philadelphia USA"]
[Date "2016.07.03"]
[Round "7"]
[White "Korley, Kassa"]
[Black "Erenburg, Sergey"]
[Result "0-1"]
[WhiteTitle "IM"]
[BlackTitle "GM"]
[WhiteElo "2397"]
[BlackElo "2591"]
[WhiteFideId "2033801"]
[BlackFideId "2805642"]
[EventDate "2016.06.30"]
[EventType "swiss"]

1. e4 c6 2. Nf3 d5 3. Nc3 Bg4 4. h3 Bxf3 5. Qxf3 Nf6 6. d4 dxe4 7. Qe3 Nbd7 8.
Nxe4 Nxe4 9. Qxe4 Nf6 10. Qd3 e6 11. Be2 Be7 12. O-O O-O 13. Rd1 Qc7 14. Qf3 a5
15. a4 Nd5 16. c3 Rfd8 17. g3 g6 18. Bh6 Bf8 19. Bg5 Be7 20. Bh6 Qb6 21. Rd2 Rd7
22. Bc4 Bf8 23. Bxf8 Rxf8 24. h4 h5 25. Re1 Kg7 26. Qe4 Nf6 27. Qe5 Qc7 28. Qg5
Rfd8 29. Rde2 Nh7 30. Qe3 b6 31. Qe5+ Nf6 32. f3 Qxe5 33. Rxe5 Rd6 34. Kf2 Nd7
35. R5e2 c5 36. Rd2 Nb8 37. Red1 Nc6 38. Ke3 cxd4+ 39. cxd4 Ne7 40. g4 Rh8 41.
Rh1 Rc8 42. b3 Nd5+ 43. Bxd5 Rxd5 44. g5 Rc3+ 45. Rd3 Rxd3+ 46. Kxd3 e5 47. Ke4
Rxd4+ 48. Kxe5 Rb4 49. f4 Rxb3 50. Rc1 b5 51. Rc5 bxa4 52. Rxa5 Ra3 53. Ra7 Ra1
54. Kd4 a3 55. Kc3 Rf1 56. Ra4 a2 57. Kb2 Rf2+ 58. Ka1 Kf8 59. Re4 Rh2 60. f5
gxf5 61. Rf4 Kg7 62. Rxf5 Rxh4 63. Kxa2 Rg4 0-1

[Event "44th Annual World Open"]
[Site "Philadelphia USA"]
[Date "2016.07.03"]
[Round "7"]
[White "Nyzhnyk, Illya"]
[Black "Hilby, Craig"]
[Result "1-0"]
[WhiteTitle "GM"]
[BlackTitle "FM"]
[WhiteElo "2622"]
[BlackElo "2386"]
[WhiteFideId "14118084"]
[BlackFideId "2062674"]
[EventDate "2016.06.30"]
[EventType "swiss"]

1. d4 Nf6 2. Nf3 e6 3. g3 c5 4. Bg2 cxd4 5. Nxd4 d5 6. O-O e5 7. Nb3 Be6 8. Bg5
Nbd7 9. e4 dxe4 10. Nc3 Be7 11. Bxf6 Nxf6 12. Nxe4 Qc7 13. Qf3 Rb8 14. Qc3 Rc8
15. Nxf6+ Bxf6 16. Qb4 Be7 17. Qa4+ b5 18. Qxb5+ Bd7 19. Qe2 O-O 20. Rfd1 Be6
21. c3 a5 22. Qb5 Rb8 23. Qa4 Rfd8 24. Rxd8+ Qxd8 25. Nxa5 Bd7 26. Bc6 Bh3 27.
Rd1 Qb6 28. Nc4 Qc7 29. Bd7 1-0

[Event "44th Annual World Open"]
[Site "Philadelphia USA"]
[Date "2016.07.03"]
[Round "7"]
[White "Machin Rivera, Mark"]
[Black "Ramirez, Alejandro"]
[Result "0-1"]
[WhiteTitle "FM"]
[BlackTitle "GM"]
[WhiteElo "2377"]
[BlackElo "2563"]
[WhiteFideId "3101126"]
[BlackFideId "6500617"]
[EventDate "2016.06.30"]
[EventType "swiss"]

1. c4 c6 2. g3 d5 3. Nf3 Nf6 4. Bg2 Bf5 5. O-O e6 6. Qb3 Qb6 7. d3 Nbd7 8. cxd5
Qxb3 9. axb3 exd5 10. Nd4 Bg6 11. Nc3 a6 12. h3 Bc5 13. Nc2 O-O 14. b4 Ba7 15.
Bf4 Rfe8 16. Be3 Bxe3 17. fxe3 Nb6 18. Kf2 Re7 19. Nd4 Rae8 20. Nd1 Nc8 21. Ke1
Nd6 22. Kd2 h5 23. Rf4 Nd7 24. g4 Nf8 25. Rf2 Nh7 26. Bf3 hxg4 27. hxg4 Ng5 28.
Bh1 f6 29. Rg2 Bf7 30. Rg3 Be6 31. Nf2 Bd7 32. Rag1 g6 33. Nh3 Nxh3 34. Rxh3 Rh7
35. Rxh7 Kxh7 36. Bf3 Kg7 37. Nb3 Rh8 38. Nc5 Bc8 39. b3 Rh4 40. d4 g5 41. Nd3
Kf7 42. Nf2 Ke7 43. Kd3 Rh2 44. Rf1 f5 45. Kd2 Ne4+ 46. Bxe4 fxe4 47. Ke1 Kd6
48. Rg1 Kc7 49. Rg3 Kb6 50. Nh3 Kb5 51. Nxg5 Kxb4 52. Nf7 Kxb3 53. g5 Rh7 54. g6
Rg7 55. Nd6 Be6 56. Ne8 Rg8 57. Nd6 Rb8 58. g7 a5 59. Rg6 a4 60. Rxe6 Rg8 61.
Re7 b5 62. Nf5 a3 63. Nh6 Rxg7 64. Rxg7 a2 65. Ra7 Kb2 66. Kd2 b4 67. Nf5 b3 68.
Ne7 a1=Q 69. Rxa1 Kxa1 0-1

[Event "44th Annual World Open"]
[Site "Philadelphia USA"]
[Date "2016.07.03"]
[Round "7"]
[White "Mandizha, Farai"]
[Black "Panchanathan, Magesh Chandran"]
[Result "0-1"]
[WhiteTitle "IM"]
[BlackTitle "GM"]
[WhiteElo "2368"]
[BlackElo "2518"]
[WhiteFideId "11000430"]
[BlackFideId "5007429"]
[EventDate "2016.06.30"]
[EventType "swiss"]

1. Nf3 Nf6 2. d4 b6 3. g3 Bb7 4. Bg2 e6 5. O-O Be7 6. c4 O-O 7. Re1 Na6 8. Nc3
Ne4 9. Bf4 d6 10. Nxe4 Bxe4 11. Nh4 Bxg2 12. Nxg2 c5 13. d5 Nc7 14. dxe6 fxe6
15. Qd3 g5 16. Bd2 d5 17. Rad1 Bf6 18. Bc1 Qe8 19. e4 Bd4 20. Be3 dxc4 21. Qxc4
Qb5 22. Qxb5 Nxb5 23. a4 Bxe3 24. fxe3 Nc7 25. Rd7 Na6 26. Red1 Nb4 27. R1d6 Rf7
28. Ne1 h6 29. Kg2 g4 30. Kg1 Raf8 31. Rxf7 Kxf7 32. Rd7+ Kf6 33. a5 bxa5 34.
Ng2 Ke5 35. Nf4 Rf6 36. Rc7 Kxe4 37. Rxc5 e5 38. Rc4+ Kf3 39. Ng2 Rc6 40. Nh4+
Kxe3 41. Nf5+ Kf3 42. Nh4+ Ke3 43. Nf5+ Kd3 44. Rxc6 Nxc6 45. Nxh6 Kc2 46. Nxg4
Kxb2 47. h4 a4 48. h5 a3 49. h6 a2 50. h7 a1=Q+ 51. Kg2 Qd1 52. h8=Q Qxg4 53.
Qe8 Qe4+ 54. Kh3 a5 55. Qa8 a4 56. Qb7+ Kc3 57. Qb5 a3 58. Qc5+ Kb2 0-1

[Event "44th Annual World Open"]
[Site "Philadelphia USA"]
[Date "2016.07.03"]
[Round "7"]
[White "Arun Prasad, S."]
[Black "Shetty, Atulya"]
[Result "1/2-1/2"]
[WhiteTitle "GM"]
[BlackTitle "FM"]
[WhiteElo "2502"]
[BlackElo "2366"]
[WhiteFideId "5011167"]
[BlackFideId "2031213"]
[EventDate "2016.06.30"]
[EventType "swiss"]

1. d4 d5 2. c4 c6 3. Nf3 Nf6 4. Nc3 a6 5. e3 g6 6. Bd3 Bg7 7. O-O O-O 8. Qb3
dxc4 9. Bxc4 b5 10. Be2 Bf5 11. a4 Nbd7 12. Qa3 Qb8 13. b4 a5 14. Bd2 axb4 15.
Qxb4 bxa4 16. Rxa4 1/2-1/2

[Event "44th Annual World Open"]
[Site "Philadelphia USA"]
[Date "2016.07.03"]
[Round "7"]
[White "Colas, Joshua"]
[Black "Bian, Alex"]
[Result "1/2-1/2"]
[WhiteTitle "FM"]
[BlackTitle "FM"]
[WhiteElo "2387"]
[BlackElo "2057"]
[WhiteFideId "2044447"]
[BlackFideId "2056372"]
[EventDate "2016.06.30"]
[EventType "swiss"]

1. d4 Nf6 2. c4 e6 3. Nc3 c5 4. d5 exd5 5. cxd5 d6 6. e4 g6 7. Nge2 Bg7 8. Ng3
O-O 9. Be2 b6 10. O-O Ba6 11. Bxa6 Nxa6 12. Re1 Re8 13. f4 Nc7 14. a4 a6 15. Nh1
Nd7 16. Nf2 c4 17. Be3 b5 18. Rb1 Rc8 19. Ne2 f5 20. Ng3 fxe4 21. Ngxe4 Nf6 22.
Bd4 Ncxd5 23. axb5 axb5 24. Nxf6+ Nxf6 25. Rxe8+ Qxe8 26. Bxf6 Bxf6 27. Qd5+ Qf7
28. Ne4 Be7 29. Qxb5 d5 30. Ng5 Bxg5 31. fxg5 d4 32. Qe5 Qf5 33. Qxf5 gxf5 34.
Rd1 c3 35. bxc3 dxc3 36. Kf2 Kg7 37. h4 Kg6 38. Rd6+ Kg7 39. Rd7+ Kg6 40. Rd6+
Kf7 41. Rd7+ Ke6 42. Rd1 f4 43. g4 c2 44. Rc1 Rc3 45. h5 Ke5 46. Ke2 Kd4 47. g6
hxg6 48. hxg6 Rg3 49. g7 Rxg4 50. Kf3 Rxg7 1/2-1/2

[Event "44th Annual World Open"]
[Site "Philadelphia USA"]
[Date "2016.07.03"]
[Round "7"]
[White "Atoufi, Pedram"]
[Black "Fishbein, Alexander"]
[Result "0-1"]
[WhiteTitle "FM"]
[BlackTitle "GM"]
[WhiteElo "2272"]
[BlackElo "2481"]
[WhiteFideId "12501654"]
[BlackFideId "2000377"]
[EventDate "2016.06.30"]
[EventType "swiss"]

1. e4 c5 2. Nf3 d6 3. d4 cxd4 4. Nxd4 Nf6 5. Nc3 Nc6 6. Bg5 e6 7. Qd2 Be7 8.
O-O-O O-O 9. f3 Nxd4 10. Qxd4 a6 11. Kb1 Qc7 12. Be3 b5 13. g4 b4 14. Qxb4 Rb8
15. Qc4 Qa5 16. Ka1 Bd7 17. Qxa6 Qb4 18. Rb1 Ra8 19. Qb6 Qxb6 20. Bxb6 Bc6 21.
g5 Nd7 22. Be3 d5 23. Rd1 dxe4 24. Bb5 Bxb5 25. Nxb5 Ne5 26. fxe4 Rfc8 27. Nd4
Ng4 28. Rhe1 Nxe3 29. Rxe3 Bxg5 30. Red3 Bf4 31. Nf3 g5 32. Kb1 Kg7 33. b3 Kf6
34. h3 h5 35. Rg1 Rg8 36. Nd4 Rg7 37. Ne2 Be5 38. c4 g4 39. h4 Kg6 40. a4 f5 41.
exf5+ exf5 42. Rf1 Rf8 43. Re3 Kf6 44. Kc2 g3 45. Ref3 Ke6 46. Re1 g2 47. Nf4+
Kd7 48. Rd3+ Kc8 49. Nh3 Bh2 50. Ng1 0-1

[Event "44th Annual World Open"]
[Site "Philadelphia USA"]
[Date "2016.07.03"]
[Round "7"]
[White "Kretchetov, Alexandre"]
[Black "Lapshun, Yury"]
[Result "0-1"]
[WhiteTitle "FM"]
[BlackTitle "IM"]
[WhiteElo "2246"]
[BlackElo "2438"]
[WhiteFideId "4124588"]
[BlackFideId "2006960"]
[EventDate "2016.06.30"]
[EventType "swiss"]

1. e4 c5 2. Nf3 Nc6 3. Bb5 g6 4. Bxc6 bxc6 5. O-O Bg7 6. Re1 e5 7. c3 d6 8. d4
cxd4 9. cxd4 exd4 10. Nxd4 Ne7 11. Nc3 O-O 12. Bg5 Bb7 13. Qd2 Re8 14. Rad1 Qc7
15. Qf4 Be5 16. Qh4 Bxd4 17. Bxe7 Bxc3 18. Bxd6 Qxd6 19. Rxd6 Bxe1 20. Qf6 Bc8
21. h4 Bb4 22. Rd8 Be6 23. Rxa8 Rxa8 24. f4 Bf8 25. f5 Bg7 26. Qg5 Bxa2 27. h5
h6 28. Qg3 gxf5 29. exf5 Kh8 30. b3 a5 31. f6 Bf8 32. Qc7 a4 33. Qxc6 Ra5 34. b4
Rg5 35. Qxa4 Bc4 36. Qc6 Bb5 37. Qc8 Kg8 38. Kf2 Rxh5 39. g4 Rg5 40. Kf3 Ba4 41.
Qd8 Bc6+ 42. Kg3 Rb5 43. Kf2 Rxb4 44. Kg3 Ba4 45. g5 h5 46. g6 Rg4+ 47. Kh3 Rxg6
48. Kh4 Rh6 49. Qd4 Bc2 50. Qd8 Bg6 51. Qb8 Rh8 52. Qd8 Kh7 53. Qc7 Bh6 54. Qd7
Rb8 55. Qd6 Rb5 56. Qd7 Rf5 57. Qe7 Bg5+ 0-1

[Event "44th Annual World Open"]
[Site "Philadelphia USA"]
[Date "2016.07.03"]
[Round "7"]
[White "Balakrishnan, Praveen"]
[Black "Baquero, Luis A."]
[Result "1/2-1/2"]
[WhiteTitle "FM"]
[WhiteElo "2363"]
[BlackElo "2232"]
[WhiteFideId "2064871"]
[BlackFideId "4400070"]
[EventDate "2016.06.30"]
[EventType "swiss"]

1. e4 e6 2. d4 d5 3. Nc3 Bb4 4. e5 c5 5. a3 Bxc3+ 6. bxc3 Ne7 7. Qg4 Qc7 8. Bd3
c4 9. Be2 Qa5 10. Bd2 Rg8 11. Nh3 Nbc6 12. Qh5 h6 13. Nf4 Bd7 14. Bg4 O-O-O 15.
Qh3 Qa4 16. Ra2 Kb8 17. O-O Rde8 18. Nh5 Ka8 19. f4 Qa5 20. Qe3 Nf5 21. Qe2 Qd8
22. Bh3 f6 23. Be1 fxe5 24. fxe5 Qg5 25. Bd2 Qd8 26. g4 Nh4 27. Be1 Ref8 28. Nf4
g5 29. Bxh4 gxh4 30. Raa1 Qg5 31. Nh5 Be8 32. Nf6 Rg7 33. Rf3 h5 34. Kh1 hxg4
35. Bxg4 Bf7 36. Raf1 Rd8 37. h3 Qg6 38. Nh5 Rh7 39. Rf6 Qg8 40. Nf4 Re8 41. Qf2
Nd8 42. Ng2 Qh8 43. Qe1 a6 44. R1f4 Qf8 45. Qc1 Qg8 46. Rf2 Ka7 47. a4 Bh5 48.
Bxh5 Rxh5 49. Qa3 Rh8 50. Qc5+ Ka8 51. R6f4 Qg3 52. R2f3 Qg6 53. Ne3 Reg8 54.
Rg4 Qh7 55. Rff4 Rxg4 56. Rxg4 Rg8 57. Qd6 Ka7 58. a5 Qf7 1/2-1/2

[Event "44th Annual World Open"]
[Site "Philadelphia USA"]
[Date "2016.07.03"]
[Round "7"]
[White "Song, Guannan Terry"]
[Black "Panchanatham, Vignesh"]
[Result "0-1"]
[WhiteTitle "FM"]
[BlackTitle "FM"]
[WhiteElo "2215"]
[BlackElo "2352"]
[WhiteFideId "2614189"]
[BlackFideId "2060523"]
[EventDate "2016.06.30"]
[EventType "swiss"]

1. e4 e6 2. d4 d5 3. Nc3 Nf6 4. Bg5 Be7 5. e5 Nfd7 6. h4 Bxg5 7. hxg5 Qxg5 8.
Qd3 g6 9. Nf3 Qe7 10. O-O-O Nc6 11. Qe3 Nb6 12. Be2 h5 13. Rh3 Bd7 14. g4 O-O-O
15. Rdh1 Na5 16. Qf4 Nac4 17. Bxc4 Nxc4 18. Nd1 Rhf8 19. gxh5 gxh5 20. Ne3 f6
21. Nxc4 dxc4 22. Qe3 Bc6 23. R1h2 Bxf3 24. Rxf3 fxe5 25. Rxf8 Qxf8 26. Qxe5
Qh6+ 27. Qe3 Qg6 28. Rh1 Rh8 29. d5 exd5 30. Qxa7 Qh6+ 31. Kb1 c6 32. a4 Qd6 33.
Qd4 Qf8 34. a5 Rh7 35. Qa7 Qb4 36. Qa8+ Kc7 37. c3 Qe7 38. a6 bxa6 39. Qxa6 Qe4+
40. Ka2 Qxh1 41. Qa7+ Kd6 42. Qxh7 Qf3 43. Qg7 c5 44. Qh8 Ke7 45. Qe5+ Kf7 46.
Qc7+ Kg6 47. Qxc5 h4 48. Qd6+ Kg5 49. Qe7+ Kg4 50. Qe6+ Qf5 51. Qe3 Qe4 52. Qh6
Kf3 53. Qf6+ Qf4 54. Qe6 Kxf2 55. Qxd5 h3 56. Qc5+ Kf1 57. Qd5 h2 58. Qd1+ Kf2
59. Qc2+ Ke1 60. Qg2 Qf2 61. Qe4+ Kd2 62. Qd5+ Kc1 63. Qg5+ Qd2 0-1

[Event "44th Annual World Open"]
[Site "Philadelphia USA"]
[Date "2016.07.03"]
[Round "7"]
[White "Vibbert, Sean"]
[Black "Miyasaka, Marcus M"]
[Result "1/2-1/2"]
[WhiteTitle "FM"]
[BlackTitle "FM"]
[WhiteElo "2350"]
[BlackElo "2214"]
[WhiteFideId "2030292"]
[BlackFideId "2073102"]
[EventDate "2016.06.30"]
[EventType "swiss"]

1. e4 e5 2. Nf3 Nc6 3. Bb5 a6 4. Ba4 Nf6 5. O-O Be7 6. Bxc6 dxc6 7. d3 Nd7 8.
Nbd2 O-O 9. Nc4 f6 10. Nh4 g6 11. Bh6 Rf7 12. f4 exf4 13. Rxf4 Nf8 14. Rf1 b5
15. Ne3 f5 16. Nf3 f4 17. Ne5 Bc5 18. Nxf7 Bxe3+ 19. Kh1 Kxf7 20. Qf3 Kg8 21.
Rae1 Be6 22. Bxf4 Bxf4 23. Qxf4 Qd6 24. e5 Qe7 25. c4 Rd8 26. Qe4 Bf5 1/2-1/2

[Event "44th Annual World Open"]
[Site "Philadelphia USA"]
[Date "2016.07.03"]
[Round "7"]
[White "Lapan, Dan"]
[Black "Acor, Corey B"]
[Result "1-0"]
[BlackTitle "FM"]
[WhiteElo "2183"]
[BlackElo "2304"]
[WhiteFideId "30902916"]
[BlackFideId "2024861"]
[EventDate "2016.06.30"]
[EventType "swiss"]

1. e4 e5 2. Nc3 Nc6 3. g3 g6 4. Bg2 Bg7 5. Nge2 d6 6. d3 f5 7. Be3 Nf6 8. Qd2
O-O 9. h3 Be6 10. Nd5 Bxd5 11. exd5 Ne7 12. c4 c6 13. dxc6 bxc6 14. d4 Ne4 15.
Bxe4 fxe4 16. d5 cxd5 17. cxd5 Qc8 18. Nc3 Qa6 19. g4 Rab8 20. Rb1 Rb4 21. Qe2
Qb7 22. a3 Rb3 23. O-O Rc8 24. Nxe4 Qxd5 25. f3 Nc6 26. Qa6 Rcb8 27. Nc3 Rxc3
28. bxc3 Rxb1 29. Rxb1 Qxf3 30. Qc8+ Bf8 31. Bf2 Qd5 32. Rb7 e4 33. Qd7 Be7 34.
Qe8+ Bf8 35. Qd7 Be7 36. Rc7 e3 37. Qe8+ Bf8 38. Qxe3 Ne5 39. Bg3 Bh6 40. Rc8+
Kf7 41. Qxa7+ 1-0

[Event "44th Annual World Open"]
[Site "Philadelphia USA"]
[Date "2016.07.03"]
[Round "7"]
[White "Chase, Christopher"]
[Black "Melashvili, Nino"]
[Result "1-0"]
[WhiteTitle "FM"]
[BlackTitle "WIM"]
[WhiteElo "2282"]
[BlackElo "2140"]
[WhiteFideId "2002396"]
[BlackFideId "13600397"]
[EventDate "2016.06.30"]
[EventType "swiss"]

1. e4 d5 2. exd5 Nf6 3. d4 Nxd5 4. c4 Nb6 5. c5 Nd5 6. Nc3 e5 7. Bc4 Nxc3 8.
bxc3 Be7 9. Qh5 O-O 10. Qxe5 Re8 11. Ne2 b6 12. Qh5 Rf8 13. Bd3 f5 14. cxb6 axb6
15. O-O Be6 16. Nf4 Bf7 17. Qxf5 g6 18. Qe4 Ra5 19. Ne6 Bxe6 20. Qxe6+ Kg7 21.
Re1 Bd6 22. g3 Nd7 23. h4 Nf6 24. Bg5 h6 25. Bxf6+ Rxf6 26. Qg4 h5 27. Qe2 Ra3
28. Rac1 Qa8 29. Rc2 Qa5 30. Qd2 c5 31. Bc4 cxd4 32. Re8 Rxc3 33. Rg8+ Kh7 34.
Rh8+ 1-0

[Event "44th Annual World Open"]
[Site "Philadelphia USA"]
[Date "2016.07.04"]
[Round "8.1"]
[White "Bologan, Viktor"]
[Black "Durarbayli, Vasif"]
[Result "0-1"]
[WhiteTitle "GM"]
[BlackTitle "GM"]
[WhiteElo "2654"]
[BlackElo "2596"]
[WhiteFideId "13900048"]
[BlackFideId "13402935"]
[EventDate "2016.06.30"]
[EventType "swiss"]

1. d4 Nf6 2. c4 e6 3. Nf3 b6 4. g3 Bb7 5. Bg2 Bb4+ 6. Bd2 Bxd2+ 7. Qxd2 Qe7 8.
Nc3 Ne4 9. Nxe4 Bxe4 10. O-O d6 11. Qe3 Bb7 12. Qd3 Nd7 13. e4 e5 14. Nh4 g6 15.
d5 a5 16. b3 O-O 17. a3 Bc8 18. b4 Nf6 19. Rfc1 Ra7 20. c5 bxc5 21. bxc5 Nd7 22.
c6 Nc5 23. Qe3 Ba6 24. Nf3 Raa8 25. Nd2 a4 26. f4 Rfb8 27. f5 Kg7 28. Bf1 Bc8
29. fxg6 hxg6 30. Rab1 Ba6 31. Rb4 Bxf1 32. Rxf1 Rh8 33. Nf3 Rh5 34. h4 Rf8 35.
Rb5 f5 36. Ng5 f4 37. gxf4 exf4 38. Qc3+ Kg8 39. Rxc5 Rxh4 40. Nf3 dxc5 41. d6
cxd6 42. Qc4+ Kg7 43. Rb1 Kh6 44. Rb7 Qf6 45. e5 dxe5 46. c7 Rh3 47. Kg2 Rg3+
48. Kf2 Qc6 0-1

[Event "44th Annual World Open"]
[Site "Philadelphia USA"]
[Date "2016.07.04"]
[Round "8.2"]
[White "Ortiz Suarez, Isan Reynaldo"]
[Black "Bachmann, Axel"]
[Result "1/2-1/2"]
[WhiteTitle "GM"]
[BlackTitle "GM"]
[WhiteElo "2578"]
[BlackElo "2642"]
[WhiteFideId "3507165"]
[BlackFideId "3700488"]
[EventDate "2016.06.30"]
[EventType "swiss"]

1. Nf3 d5 2. g3 c6 3. c4 Bg4 4. Qb3 Bxf3 5. Qxf3 e6 6. Bg2 Nf6 7. O-O Nbd7 8.
cxd5 cxd5 9. d4 Rc8 10. Nc3 Bb4 11. Bd2 Nb6 12. Rfc1 O-O 13. Be1 Qd7 14. Qd3 Rc6
15. a3 Be7 16. b3 Rfc8 17. Bd2 a6 18. e3 Qd8 19. a4 Bb4 20. Na2 Bxd2 21. Qxd2
Nbd7 22. Nb4 Rxc1+ 23. Rxc1 a5 24. Nd3 Rxc1+ 25. Qxc1 h6 26. Qc3 g5 27. h3 Kg7
28. b4 axb4 29. Qxb4 b6 30. Ne5 Nxe5 31. dxe5 Ng8 32. e4 dxe4 33. Bxe4 Qc7 34.
Qd4 Ne7 35. Kg2 Ng6 36. Bxg6 Kxg6 37. Qe4+ Kg7 38. h4 gxh4 39. gxh4 f5 40. exf6+
Kxf6 41. Qf3+ Ke7 42. Qe4 Kf6 43. Kf3 Qc5 44. Qf4+ Kg6 45. Qg4+ Kf6 46. Kg3 h5
47. Qf4+ Kg6 48. Qe4+ Kf6 49. Qf3+ Kg6 50. Qd3+ Kf6 51. Qd8+ Kg6 52. Qd3+ Kf6
53. Qe4 Qa3+ 54. Kg2 Qc5 55. Qf4+ Kg6 1/2-1/2

[Event "44th Annual World Open"]
[Site "Philadelphia USA"]
[Date "2016.07.04"]
[Round "8.3"]
[White "Shimanov, Aleksandr"]
[Black "Zherebukh, Yaroslav"]
[Result "1-0"]
[WhiteTitle "GM"]
[BlackTitle "GM"]
[WhiteElo "2631"]
[BlackElo "2595"]
[WhiteFideId "4198603"]
[BlackFideId "14116804"]
[EventDate "2016.06.30"]
[EventType "swiss"]

1. d4 Nf6 2. Bf4 d6 3. Nc3 g6 4. e4 Bg7 5. Qd2 c6 6. Bd3 Nbd7 7. Nf3 O-O 8. h4
e5 9. dxe5 dxe5 10. Bg5 Qb6 11. O-O-O Ng4 12. h5 Qxf2 13. Be2 Ndf6 14. hxg6 hxg6
15. Rdf1 Qb6 16. Nxe5 Nxe4 17. Nxe4 Bxe5 18. c3 Bf5 19. Rxf5 gxf5 20. Bf6 1-0

[Event "44th Annual World Open"]
[Site "Philadelphia USA"]
[Date "2016.07.04"]
[Round "8.4"]
[White "Lenderman, Aleksandr"]
[Black "Li, Ruifeng"]
[Result "1/2-1/2"]
[WhiteTitle "GM"]
[BlackTitle "IM"]
[WhiteElo "2614"]
[BlackElo "2529"]
[WhiteFideId "2021285"]
[BlackFideId "2061074"]
[EventDate "2016.06.30"]
[EventType "swiss"]

1. d4 d5 2. c4 c6 3. Nf3 Nf6 4. Qc2 dxc4 5. Qxc4 Bg4 6. Nbd2 Nbd7 7. g3 e6 8.
Bg2 Be7 9. O-O O-O 10. Qb3 Qb6 11. Nc4 Qa6 12. Bd2 Rad8 13. Rfc1 c5 14. Nfe5
Nxe5 15. dxe5 Nd5 16. f3 Bh5 17. a4 Nb4 18. Bf1 Nc6 19. g4 Bg6 20. e3 Nb8 21.
Be1 Qc6 22. Be2 Qc7 23. Bg3 h5 24. h3 Nc6 25. a5 Rd5 26. Kf2 h4 27. Bf4 Bh7 28.
g5 Rfd8 29. Rc3 Bf5 30. Rh1 Nxe5 31. Nxe5 Rxe5 32. Rhc1 Bxg5 33. Bxg5 Rxe3 34.
Bxd8 Rxe2+ 35. Kxe2 Qh2+ 1/2-1/2

[Event "44th Annual World Open"]
[Site "Philadelphia USA"]
[Date "2016.07.04"]
[Round "8"]
[White "Papp, Gabor1"]
[Black "Kacheishvili, Giorgi"]
[Result "1-0"]
[WhiteTitle "GM"]
[BlackTitle "GM"]
[WhiteElo "2596"]
[BlackElo "2589"]
[WhiteFideId "718602"]
[BlackFideId "13600613"]
[EventDate "2016.06.30"]
[EventType "swiss"]

1. e4 e6 2. d4 d5 3. Nd2 Nf6 4. e5 Nfd7 5. f4 c5 6. Ngf3 Be7 7. c3 b6 8. Bb5 a6
9. Bd3 a5 10. a4 Ba6 11. Bb5 Qc8 12. O-O Nc6 13. Qe2 O-O 14. Nb1 c4 15. Na3 Bxb5
16. Nxb5 Na7 17. Nxa7 Rxa7 18. g4 Re8 19. Be3 f5 20. h3 Rf8 21. Kh2 b5 22. axb5
a4 23. Rg1 Nb6 24. Bf2 Qd8 25. Rg2 Ra5 26. Rag1 g6 27. h4 fxg4 28. Rxg4 Rf5 29.
Nd2 Kf7 30. Nf1 Rh5 31. Ng3 Rxh4+ 32. Rxh4 Bxh4 33. f5 Qg5 34. Be3 Qe7 35. fxg6+
hxg6 36. Nh5 Nd7 37. Qf3+ Ke8 38. Rxg6 Rxb5 39. Kh3 Be1 40. Bg5 Qf7 41. Ng7+ 1-0

[Event "44th Annual World Open"]
[Site "Philadelphia USA"]
[Date "2016.07.04"]
[Round "8"]
[White "Azarov, Sergei"]
[Black "Gelashvili, Tamaz"]
[Result "0-1"]
[WhiteTitle "GM"]
[BlackTitle "GM"]
[WhiteElo "2585"]
[BlackElo "2557"]
[WhiteFideId "13501470"]
[BlackFideId "13600702"]
[EventDate "2016.06.30"]
[EventType "swiss"]

1. e4 e5 2. Nf3 d6 3. d4 exd4 4. Nxd4 Nf6 5. Nc3 Be7 6. g3 O-O 7. Bg2 Re8 8. O-O
Bf8 9. h3 c6 10. Re1 Nbd7 11. b3 a5 12. Bb2 Nc5 13. Qf3 g6 14. Rad1 Bg7 15. a3
Bd7 16. Bc1 Ne6 17. Nxe6 Rxe6 18. Bf4 Qe7 19. h4 h5 20. Bg5 Qe8 21. Na4 Ra6 22.
Qd3 Bc8 23. c4 b5 24. cxb5 cxb5 25. Nc3 Re5 26. Bxf6 Bxf6 27. Nd5 Bd8 28. Bf1
Bd7 29. a4 Ra8 30. axb5 Rb8 31. b6 Bc6 32. Nc7 Qe7 33. Qxd6 Qxd6 34. Rxd6 Bb7
35. Bc4 Kf8 36. Rdd1 Be7 37. Bd5 Bc5 38. Bxb7 Rxb7 39. Rd8+ Kg7 40. Nd5 Bxb6 41.
Rd6 Ba7 42. Ra6 Bd4 43. Kg2 Rxb3 44. Re2 Ra3 45. Rd2 Rxe4 46. f3 Re1 47. g4 hxg4
48. Rxd4 gxf3+ 49. Kf2 Re2+ 50. Kg3 f2+ 51. Kg2 Ra1 0-1

[Event "44th Annual World Open"]
[Site "Philadelphia USA"]
[Date "2016.07.04"]
[Round "8"]
[White "Harmon-Vellotti, Luke"]
[Black "Nyzhnyk, Illya"]
[Result "0-1"]
[WhiteTitle "IM"]
[BlackTitle "GM"]
[WhiteElo "2409"]
[BlackElo "2622"]
[WhiteFideId "2030012"]
[BlackFideId "14118084"]
[EventDate "2016.06.30"]
[EventType "swiss"]

1. e4 c5 2. Nf3 e6 3. d4 cxd4 4. Nxd4 a6 5. Bd3 Bc5 6. Nb3 Be7 7. O-O d6 8. c4
Nf6 9. Nc3 b6 10. f4 Bb7 11. Qe2 Nbd7 12. Be3 h5 13. Kh1 h4 14. Kg1 Qc7 15. Nd2
Rc8 16. Rac1 Qb8 17. b4 g6 18. a3 Qa8 19. Bd4 Qb8 20. e5 dxe5 21. fxe5 h3 22. g3
Nh5 23. Qf2 Rf8 24. Qe3 Rd8 25. Rxf7 Kxf7 26. Qh6 Nxe5 27. Nd5 Bxd5 28. Bxg6+
Nxg6 29. Qh7+ Ke8 30. Qxg6+ Kd7 31. cxd5 Nf4 32. dxe6+ Nxe6 33. Nc4 Nxd4 34.
Nxb6+ Qxb6 35. Qxb6 Ne2+ 36. Kh1 Nxc1 37. Qb7+ Kd6 38. Qxa6+ Ke5 39. Qa5+ Ke4 0-1

[Event "44th Annual World Open"]
[Site "Philadelphia USA"]
[Date "2016.07.04"]
[Round "8"]
[White "Panchanathan, Magesh Chandran"]
[Black "Akobian, Varuzhan"]
[Result "0-1"]
[WhiteTitle "GM"]
[BlackTitle "GM"]
[WhiteElo "2518"]
[BlackElo "2612"]
[WhiteFideId "5007429"]
[BlackFideId "13300580"]
[EventDate "2016.06.30"]
[EventType "swiss"]

1. e4 e6 2. d4 d5 3. Nd2 Nf6 4. e5 Nfd7 5. f4 c5 6. c3 Nc6 7. Ndf3 Qb6 8. g3
cxd4 9. cxd4 g5 10. fxg5 Bb4+ 11. Ke2 h6 12. g6 fxg6 13. Qd3 Nf8 14. Kd1 Bd7 15.
h4 Be7 16. Ne2 Rc8 17. Qb3 Qc7 18. Bd2 Na5 19. Bxa5 Qxa5 20. a4 Rh7 21. Nc3 Rf7
22. Be2 a6 23. Kc2 Bb4 24. Rhf1 Kd8 25. Ra2 Be8 26. Raa1 0-1